Nucleonics fundamentals

Shranjeno v:
Bibliografske podrobnosti
Glavni avtor: Hoisington, David B (Author)
Format: Knjiga
Jezik:angleščina
Izdano: Nueva York McGraw-Hill 1959
Serija:McGraw-Hill Series in Nuclear Engineering
Teme:
Oznake: Označite
Brez oznak, prvi označite!

MARC

LEADER 00000nam a2200000 a 4500
001 UCP8157
003 CL-VaPUC
008 000114e19590000US |||||||||||||||||eng|d
082 0 4 |a 539.7  |b HOI  |2 21 
100 0 |a Hoisington, David B  |e author  |9 437914 
245 1 0 |a Nucleonics fundamentals 
300 |a 410 p 
942 |c BK 
945 |d 20000114 00:00:00  |a cmena 
260 |a Nueva York  |b McGraw-Hill  |c 1959 
500 |a Donación de Don Walter Zeller Allier 
650 7 |a FISICA NUCLEAR  |2 CL-VaPUC  |9 270366 
650 0 |a Estructura atómica   |9 259944 
650 7 |a PROPIEDADES ATOMICAS  |2 CL-VaPUC  |9 360510 
650 0 |a Átomos  |9 259583 
650 7 |a RADIACTIVIDAD  |2 CL-VaPUC  |9 354956 
650 7 |a REACCIONES NUCLEARES  |2 CL-VaPUC  |9 370148 
583 |a last modification  |c 20000114 00:00:00  |k Rodrigo Vera 
490 0 |a McGraw-Hill Series in Nuclear Engineering 
999 |c 285111  |d 285109 
952 |0 0  |1 0  |4 0  |6 539_700000000000000_HOI_1959  |7 0  |8 A  |9 329488  |a BIBCUR  |b BIBCUR  |d 2019-11-20  |i 3512096  |o 539.7 HOI 1959  |p 3512096  |r 2025-04-22  |w 2019-11-20  |y BK  |k FIS